Los integrismos : ensayo sobre los fundamentalismos en el mundo /
Estudio sobre el fenómeno del integrismo, entendido como la identificación de una fe religiosa o política con la forma cultural o institucional que pudo asumir en una época anterior de su historia. Se critica los integrismos políticos y religiosos caracterizados por el inmovilismo, la intolerancia,...
Guardat en:
| Autor principal: | |
|---|---|
| Format: | Llibre |
| Idioma: | espanyol |
| Publicat: |
Barcelona, España :
Gedisa,
2001, c2001
|
| Matèries: | |
| Etiquetes: |
Sense etiquetes, Sigues el primer a etiquetar aquest registre!
|
MARC
| LEADER | 00000nam^a2200000^a^4500 | ||
|---|---|---|---|
| 001 | 000373158 | ||
| 005 | 20250521000000.0 | ||
| 009 | 20260310120033.673 | ||
| 020 | |a 84-7432-424-6 | ||
| 025 | |a Donación Juan Diego Castillo, 1 ejemplar | ||
| 037 | |a Acervo ITESO - Biblioteca | ||
| 041 | |a ESP | ||
| 082 | |a 320. 532 |b GAR | ||
| 100 | |a Garaudy, Roger |e (autor) | ||
| 245 | 1 | 4 | |a Los integrismos : |b ensayo sobre los fundamentalismos en el mundo / |c R. Garaudy ; tr. por Carlos Gardini. |
| 264 | 4 | |a Barcelona, España : |b Gedisa, |c 2001, c2001 | |
| 300 | |a 157 p. | ||
| 336 | |a texto |b txt |2 rdacontenido | ||
| 337 | |a sin mediación |b n |2 rdamedio | ||
| 338 | |a volumen |b nc |2 rdasoporte | ||
| 500 | |a Traducción de: Integrismes | ||
| 520 | |a Estudio sobre el fenómeno del integrismo, entendido como la identificación de una fe religiosa o política con la forma cultural o institucional que pudo asumir en una época anterior de su historia. Se critica los integrismos políticos y religiosos caracterizados por el inmovilismo, la intolerancia, el dogmatismo, el regreso al pasado y la negativa al diálogo. | ||
| 649 | |a XX | ||
| 650 | |a Fundamentalismo Político | ||
| 650 | |a Fundamentalismo Religioso | ||
| 650 | |a Fundamentalismo - |x Tema Principal | ||
| 650 | |a Religión | ||
| 650 | |a Política | ||
| 910 | |a Fondo Castillo-Martínez | ||
| 920 | |a Impresos - Libros | ||
| 930 | |a Fondos Especiales | ||
| 905 | |a 127 | ||
| 901 | |a 0500267478 |b IT2 |c ESP |i FXC D |u 20250521 | ||
| 902 | |a https://opac.biblio.iteso.mx/vufind/Record/000373158 | ||